000 00395nam a2200145Ia 4500
008 230917s9999||||xx |||||||||||||| ||und||
040 _e171999
_aMAIN
041 _aEnglish
082 _a891.431721 VM459M
100 _aवत्स, मनफूल
245 0 _aमोक्षमार्ग
260 _aरोहतक
_bकविता
_c2007
300 _a119 पृ. p.
942 _cHN
999 _c133051
_d133051